000 02336nam a2200349 i 4500
001 000048406
003 DO-SdBNP
005 20250625142559.0
007 ta
008 190304t2014 dr 000 e spa d
020 _a9789945586169
040 _aDO-SdBNP
_bspa
_cBNPHU
_erda
041 _aspa
082 4 _a923.5
_bC796m 2014
_222
100 _aCordoví Núñez, Yoel
_eautor
_4aut.
_96654
245 1 0 _aMáximo Gómez :
_butopía y realidad de una República /
_cYoel Cordoví Núñez ; cuidado de edición, Yanelis González Leyva ; corrección, Carmen Romero Alemán
250 _aSegunda edición
264 4 _aSanto Domingo :
_bArchivo General de la Nación
_bEditora Historia,
_c©2014.
300 _a317 páginas ;
_c23 cm.
336 _atexto
_btxt
_2rdacontent
337 _asin mediación
_bn
_2rdamedia
338 _avolumen
_bnc
_2rdacarrier
490 _aColección Archivo General de la Nación ;
_v 225
500 _aIncluye índice onomástico.
504 _aBibliografía : páginas 285 - 294.
505 _aPresentación a la edición dominicana, 7.-- Introducción, 9.-- Un hombre entre dos mundos, 13.-- Formación cultural, 13.-- La familia Gómez Báez, 18.-- Segundo momento transicional, 23.-- Primeros descubrimientos, 30.-- La personalidad de Máximo Gómez, 43.-- Principios éticos y humanismo, 52.-- La moral como fundamento del orden, 58.-- Antillanismo y justicia social, 63.-- Segunda etapa de descubrimientos, 73.-- Desde la emigración: reflexiones y aprendizaje, 73.-- Influencia del pensamiento martiano, 79.-- En el nuevo espacio latinoamericano, 90.-- Guayacanes: concepción de un enclave económico-político, 96.-- Frente al imperio, 109.-- Gómez y la política de Estados Unidos hacia Cuba, 109.-- ¿Pasividad o cautela? En torno a una polémica, 116.-- De la ocupación a la república. Gómez y los partidos políticos, 139.-- Primer momento de definición, 139.-- Segundo momento de definición, 152.-- Tercer momento de definición, 171.-- Conclusiones, 191.-- Apéndice, 195.-- Bibliografía, 285.-- Índice onomástico, 295.
590 _aInventariado, 2024 / MF
600 1 4 _aGómez, Máximo,
_d1836-1905,
_xVida militar
_981639
700 1 _aGonzález Leyva, Yanelis,
_eeditor
_4ed.
_981640
700 1 _aRomero Alemán, Carmen,
_ecorrector
_4corr.
_981642
942 _2ddc
_cLBS1
999 _c51757
_d51757